[Event "Fourmies op 35th"]
[Site "Fourmies"]
[Date "2011.06.12"]
[Round "3"]
[White "Flom, Gabriel"]
[Black "Huang, Feibai"]
[Result "1-0"]
[WhiteElo "2412"]
[BlackElo "1340"]
[PlyCount "69"]
[EventDate "2011.06.11"]
[EventType "swiss"]
[EventRounds "7"]
[EventCountry "FRA"]
[SourceTitle "CBM 142 Extra"]
[Source "ChessBase"]
[SourceDate "2011.06.27"]
[SourceVersion "1"]
[SourceVersionDate "2011.06.27"]
[SourceQuality "1"]

1. d4 d5 2. c4 Nc6 3. e3 dxc4 4. Bxc4 Bf5 5. Nf3 e6 6. Nc3 Nb4 7. 0-0 Nc2 8. e4 Bxe4 9. Nxe4 Nxa1 10. Bg5 Be7 11. Bxe7 Nxe7 12. Qd2 0-0 13. Rxa1 h6 14. Re1 Nf5 15. Ng3 Nxg3 16. hxg3 Qf6 17. Ne5 Rfd8 18. Qc3 Rd6 19. Re3 Rf8 20. Bb3 Qd8 21. Nf3 Qf6 22. Qxc7 Rc6 23. Qxb7 Rc1+ 24. Kh2 Qf5 25. Qe4 Qh5+ 26. Nh4 g5 27. Qf3 Qxf3 28. Nxf3 Rfc8 29. g4 Rb1 30. Rxe6 Rxb2 31. Rxh6 Kg7 32. Ra6 Rxf2 33. Rxa7 Rf8 34. Nxg5 Rf4 35. Ne6+ 1-0

[Event "Champagne Ardenne op 5th"]
[Site "Champagne Ardenne"]
[Date "2009.05.02"]
[Round "4"]
[White "Henzler, Steffen"]
[Black "Huang, Feibai"]
[Result "0-1"]
[WhiteElo "1099"]
[BlackElo "1207"]
[PlyCount "72"]
[EventDate "2009.05.01"]
[EventType "swiss"]
[EventRounds "7"]
[EventCountry "FRA"]
[SourceTitle "EXT 2010"]
[Source "ChessBase"]
[SourceDate "2010.11.25"]
[SourceVersion "1"]
[SourceVersionDate "2010.11.25"]
[SourceQuality "1"]

1. e4 e5 2. d4 exd4 3. c3 dxc3 4. Nxc3 Bb4 5. Nf3 Nf6 6. a3 Bxc3+ 7. bxc3 Nxe4 8. Qd4 d5 9. Qxg7 Qf6 10. Qxf6 Nxf6 11. c4 Be6 12. Nd2 Nbd7 13. Bb2 0-0-0 14. Bxf6 Nxf6 15. Be2 Rhe8 16. 0-0 dxc4 17. Nxc4 Bh3 18. gxh3 Rxe2 19. Rae1 Rg8+ 20. Kh1 Rc2 21. Ne5 Rc3 22. Nxf7 Rxh3 23. Rg1 Ng4 24. Rg2 Rf3 25. Re2 Rxf7 26. h3 Nh6 27. Rxg8+ Nxg8 28. Re8+ Kd7 29. Rxg8 Rxf2 30. Rg7+ Kc6 31. Rxh7 Ra2 32. h4 Rxa3 33. h5 b5 34. Rh6+ Kb7 35. Rg6 Rh3+ 36. Kg2 Rxh5 0-1